000 01141namaa2200313 i 4500
003 EG-GICUC
005 20260405120747.0
008 260405m1994 tu ||||jr|||| 000 0 ara d
020 _a9973703391
040 _aEG-GiCUC
_bara
_cEG-GiCUC
_dEG-GiCUC
_erda
082 0 4 _221
_a210.9
_bS5311
092 0 4 _221
_a210.9
_bS5311
099 _a210.9 S5311
100 1 _aالشرفى، عبد المجيد
_eمؤلف.
245 1 0 _aلبنات /
_cعبد المجيد الشرفى
264 _aتونس :
_bدار الجنوب للنشر،
_c1994-
300 _aمجلدات ؛
_c24 سم
_bإيضاحيات، صور، مثيليات ؛ Illustrations
336 _2rdacontent
_atext
337 _2rdamedia
_aUnmediated
338 _2rdacarrier
_avolume
490 0 _aمعالم الحداثة
504 _aيشتمل على ارجاعات ببليوجرافية.
541 _aد. / جابر عصفور ؛
_bالقاهرة ؛
_cإهداء ؛
_d2024.
650 1 7 _aالاسلام
_xتاريخ
_zالقرن العشرين
_2qrmak
650 1 0 _aالاسلام
_xعقائد
_2qrmak
651 1 _2qrmak
905 _aAmira
942 _2ddc
_cBK
_e21
_n0
999 _c179187
_d179187